Candidats les Traîtres saison 3 - Statistiques

Statistiques générales
  • Ce quiz a été pris 42 fois
  • Le résultat moyen est 14 sur 20
Statistiques - réponses
Métier Candidat % Correct
Animateur TV/Radio Laurent Ruquier
90%
Youtubeuse Studio Danielle
90%
Actrice Frédérique Bel
87%
Chroniqueur Hugo Manos
87%
Chanteuse Carla Lazzari
84%
Rappeur/Acteur Stomy Bugsy
84%
Miss France Sylvie Tellier
81%
Journaliste/Chroniqueuse/ EX-Première dame de France Valérie Trierweiler
81%
Youtubeur Arthur Lombard
77%
Champion de Jeux TV Bruno Hourcade
77%
Influenceuse/vidéaste Crazy Sally
74%
Youtubeuse/Actrice Emy ltr
71%
Chanteur/Comédien Gwendal Marimoutou
68%
Écrivain/Capitaine de Police Romain Puértolas
68%
Actrice Laly Meignan
65%
Rugbyman Maxime Mermoz
65%
Acteur Jean-Christophe Bouvet
48%
Actrice/Humoriste Julie Ferrier
48%
Acteur/Animateur TV Bruno Solo
45%
Journaliste/Écrivain Azzedine Ahmed-Chaouch
39%
Aucun quiz correspondant
Distribution des résultats
% des personnes avec chaque résultat
Percentile par nombre de réponses
Votre historique - résultats
Vous n’avez pas pris ce quiz